Fundamentos de transferencia de calor

Kaydedildi:
Detaylı Bibliyografya
Asıl Yazarlar: Incropera, Frank P (Yazar), DeWitt, David P (Yazar)
Materyal Türü: Kitap
Dil:İspanyolca
Baskı/Yayın Bilgisi: Ciudad de México Prentice Hall 1999
Edisyon:1a. ed
Konular:
Etiketler: Etiketle
Etiket eklenmemiş, İlk siz ekleyin!

MARC

LEADER 00000cam a2200000 a 4500
001 UCO0609
003 CL-VaPUC
005 20230803103113.0
008 000420e19990000MX |||||||||||||||||spa|d
999 |c 287258  |d 287256 
020 |a 9701701704 
040 |c Pontificia Universidad Católica de Valparaíso 
082 0 4 |a 621.4022  |b INC  |2 21 
100 |a Incropera, Frank P  |e author  |9 566631 
245 1 0 |a Fundamentos de transferencia de calor 
250 |a 1a. ed 
260 |a Ciudad de México  |b Prentice Hall  |c 1999 
300 |a 886 p 
583 |a last modification  |c 20140410 07:55:34  |k Rodrigo Vera 
650 0 |a Calor  |9 260253  |x Transmisión  |x Conducción 
650 0 |a Transferencia de masa  |9 259375 
650 0 |a Termodinámica   |9 259320 
700 0 |a DeWitt, David P  |e author  |9 441951 
942 |c BK  |2 ddc 
945 |d 20000420 00:00:00  |a vberengu 
952 |0 0  |1 0  |4 0  |6 621_402200000000000_INC_1999  |7 0  |8 A  |9 333776  |a BIBMEC  |b BIBMEC  |d 2019-11-20  |i 3646904  |l 14  |m 2  |o 621.4022 INC 1999  |p 3646904  |r 2024-01-19  |s 2023-06-13  |w 2019-11-20  |y BK  |k MEC 
952 |0 0  |1 0  |4 0  |6 621_402200000000000_INC_1999  |7 0  |8 A  |9 333777  |a BIBMEC  |b BIBMEC  |d 2019-11-20  |i 3646912  |l 18  |o 621.4022 INC 1999  |p 3646912  |r 2024-01-19  |s 2023-07-04  |w 2019-11-20  |y BK  |k MEC 
952 |0 0  |1 0  |4 0  |6 621_402200000000000_INC_1999  |7 0  |8 A  |9 333778  |a BIBALI  |b BIBALI  |c RES  |d 2019-11-20  |i 410224K  |o 621.4022 INC 1999  |p 410224K  |r 2025-01-20  |w 2019-11-20  |y BK_R  |k ALI 
952 |0 0  |1 0  |4 0  |6 621_402200000000000_INC_1999  |7 0  |8 A  |9 333779  |a BIBALI  |b BIBALI  |c RES  |d 2019-11-20  |i 4102258  |o 621.4022 INC 1999  |p 4102258  |r 2025-01-20  |w 2019-11-20  |y BK_R  |k ALI 
952 |0 0  |1 0  |4 0  |6 621_402200000000000_INC_1999  |7 0  |8 A  |9 333780  |a BIBALI  |b BIBALI  |c RES  |d 2019-11-20  |i 4304489  |o 621.4022 INC 1999  |p 4304489  |r 2025-01-20  |w 2019-11-20  |y BK_R  |k ALI 
952 |0 0  |1 0  |4 0  |6 621_402200000000000_INC_1999  |7 0  |8 A  |9 333781  |a BIBING  |b BIBING  |d 2019-11-20  |i 4321863  |l 1  |o 621.4022 INC 1999  |p 4321863  |r 2025-01-20  |s 2022-03-14  |w 2019-11-20  |y BK  |k EIQ 
952 |0 0  |1 0  |4 0  |6 621_402200000000000_INC_1999  |7 0  |8 A  |9 333782  |a BIBALI  |b BIBALI  |c RES  |d 2019-11-20  |i 4336062  |o 621.4022 INC 1999  |p 4336062  |r 2025-01-20  |w 2019-11-20  |y BK_R  |k ALI 
952 |0 0  |1 0  |4 0  |6 621_402200000000000_INC_1999  |7 0  |8 A  |9 333783  |a BIBALI  |b BIBALI  |c RES  |d 2019-11-20  |i 465403K  |o 621.4022 INC 1999  |p 465403K  |r 2025-01-20  |w 2019-11-20  |y BK_R  |k ALI 
952 |0 0  |1 0  |4 0  |6 621_402200000000000_INC_1999  |7 0  |8 A  |9 333784  |a BIBALI  |b BIBALI  |c RES  |d 2019-11-20  |i 4654048  |o 621.4022 INC 1999  |p 4654048  |r 2025-01-20  |w 2019-11-20  |y BK_R  |k ALI 
952 |0 0  |1 0  |4 0  |6 621_402200000000000_INC_1999  |7 0  |8 A  |9 333785  |a BIBALI  |b BIBALI  |c RES  |d 2019-11-20  |i 4830008  |o 621.4022 INC 1999  |p 4830008  |r 2025-01-20  |w 2019-11-20  |y BK_R  |k ALI 
952 |0 0  |1 0  |4 0  |6 621_402200000000000_INC_1999  |7 0  |8 A  |9 333786  |a BIBALI  |b BIBALI  |c RES  |d 2019-11-20  |i 4830016  |o 621.4022 INC 1999  |p 4830016  |r 2025-01-20  |w 2019-11-20  |y BK_R  |k ALI 
952 |0 0  |1 0  |4 0  |6 621_402200000000000_INC_1999  |7 0  |8 A  |9 333787  |a BIBALI  |b BIBALI  |c RES  |d 2019-11-20  |i 4830024  |o 621.4022 INC 1999  |p 4830024  |r 2025-01-20  |w 2019-11-20  |y BK_R  |k ALI 
952 |0 0  |1 0  |4 0  |6 621_402200000000000_INC_1999  |7 0  |8 A  |9 333788  |a BIBALI  |b BIBALI  |c RES  |d 2019-11-20  |i 4830032  |o 621.4022 INC 1999  |p 4830032  |r 2025-01-20  |w 2019-11-20  |y BK_R  |k ALI 
952 |0 0  |1 0  |4 0  |6 621_402200000000000_INC_1999  |7 0  |8 R  |9 333789  |a BIBALI  |b BIBALI  |d 2019-11-20  |i 4830040  |o 621.4022 INC 1999  |p 4830040  |r 2025-01-20  |w 2019-11-20  |y BK_R  |k ALI